=LDR 00000nam 2200000 4500 =001 INLIS000000000047441 =005 20151120163013.0 =006 =007 =008 =035 ##$$0010-111500000000045 =082 ##$$a 372.707 6 =090 ##$$a 372.707 6 sup s =100 ##$$a tim c m s =245 ##$$a super sakti matematika sd kelas 4,5, dan 6 =260 ##$$a cerdas interaktiip =300 ##$$a hln.246 =850 ##$$a NPBMAT =990 ##$$a 0001/BPAP-NTB/2015